|
|
|
|
| LEADER |
00000nab a2200000 a 4500 |
| 001 |
vtls008300446 |
| 003 |
SK-MaSNL |
| 005 |
20260426072911.0 |
| 008 |
050930c20050914xo ur| 0 0slo |
| 015 |
|
|
|a SNBRB2005/09
|
| 038 |
|
|
|a RVGKPD
|
| 040 |
|
|
|a RVGKPD
|b slo
|c RVGKPD
|e AACR2
|
| 041 |
0 |
|
|a slo
|
| 044 |
|
|
|a xo
|c SK
|
| 080 |
|
|
|a 328.1
|2 UDC-MRF-SK2
|
| 080 |
|
|
|a 324
|x (437.6)
|2 UDC-MRF-SK2
|
| 100 |
1 |
|
|a Slišková, Nora
|4 aut
|4 ivr
|9 266806
|
| 245 |
1 |
0 |
|a Bugár: Takto to už ďalej nejde
|c Nora Slišková, Béla Bugár
|
| 300 |
|
|
|b Fotogr.
|
| 600 |
1 |
7 |
|a Bugár, Béla,
|d 1958-
|2 rvgkpd
|9 103270
|
| 650 |
0 |
7 |
|a parlament
|2 rvgkpd
|9 4811
|
| 650 |
0 |
7 |
|a politická kríza
|2 rvgkpd
|9 1546
|
| 650 |
0 |
7 |
|a predčasné voľby
|2 rvgkpd
|9 1547
|
| 651 |
|
7 |
|a Slovensko
|2 rvgkpd
|9 14231
|
| 700 |
1 |
|
|a Bugár, Béla,
|d 1958-
|4 aut
|4 ive
|9 103270
|
| 773 |
0 |
|
|t Pravda
|g Roč. XV, č. 213 (14.9.2005), s. 1, 4
|x 1335-4051
|
| 852 |
|
|
|a RVGKPD
|b KIS3G
|
| 992 |
|
|
|a RBX
|
| 999 |
|
|
|c 2694955
|d 2696885
|